| 000 | 01999nam a22003614a 4500 | ||
|---|---|---|---|
| 001 | ebr10120153 | ||
| 003 | CaPaEBR | ||
| 006 | m u | ||
| 007 | cr cn||||||||| | ||
| 008 | 041228s2005 nyua sb 001 0 eng | ||
| 010 | _z 2004030980 | ||
| 020 | _z0814408346 | ||
| 040 |
_aCaPaEBR _cCaPaEBR |
||
| 035 | _a(OCoLC)60377713 | ||
| 050 | 1 | 4 |
_aHM1261 _b.B37 2005eb |
| 082 | 0 | 4 |
_a658.4/092 _222 |
| 100 | 1 |
_aBarnes, John A., _d1960- |
|
| 245 | 1 | 0 |
_aJohn F. Kennedy on leadership _h[electronic resource] : _bthe lessons and legacy of a president / _cJohn A. Barnes. |
| 260 |
_aNew York : _bAMACOM, _cc2005. |
||
| 300 |
_ax, 228 p. : _bill. |
||
| 504 | _aIncludes bibliographical references (p. [221]-222) and index. | ||
| 505 | 0 | _aVision : let the word go forth -- Breaking the rules : question the status quo -- Resilience : turn liabilities into pluses -- Charisma : set a style -- Communication : present your ideas effectively -- Speechwriting : master the art of delivering your message -- Commitment to learning : challenge your assumptions -- Team building : find your "Bobby" -- Decision making : the buck stops with you -- Miscalculations and misjudgments : make the best of them -- Crisis management : be the coolest man in the room -- Faults and failings : how JFK nearly destroyed himself. | |
| 533 |
_aElectronic reproduction. _bPalo Alto, Calif. : _cebrary, _d2013. _nAvailable via World Wide Web. _nAccess may be limited to ebrary affiliated libraries. |
||
| 600 | 1 | 0 |
_aKennedy, John F. _q(John Fitzgerald), _d1917-1963. |
| 650 | 0 |
_aLeadership _vCase studies. |
|
| 650 | 0 |
_aCommunication in management _vCase studies. |
|
| 650 | 0 |
_aTeams in the workplace _vCase studies. |
|
| 650 | 0 |
_aDecision making _vCase studies. |
|
| 650 | 0 |
_aCrisis management _vCase studies. |
|
| 655 | 7 |
_aElectronic books. _2local |
|
| 710 | 2 | _aebrary, Inc. | |
| 856 | 4 | 0 |
_uhttp://site.ebrary.com/lib/rucke/Doc?id=10120153 _zAn electronic book accessible through the World Wide Web; click to view |
| 999 |
_c110478 _d110478 |
||